Movies Quiz

Random Movies or Quote Quiz

Horror Movie By Opening Line Quiz Stats

 Plays Quiz not verified by Sporcle

Score 0/30 Timer 10:00
0 Plays Today
Quote Movie Title % Correct
One two, Freddie's coming for you...A Nightmare on Elm Street
85.2%
My name is Alice. I worked for the Umbrella Corporation, the largest and most powerful commercial entity in the world.Resident Evil
59.5%
Hey, Ash, where are we? The Evil Dead
49.4%
The film which you are about to see is an account of the tragedy which befell a group of five youths, in particular Sally Hardesty and her invalid brother, Franklin.The Texas Chainsaw Massacre
44.8%
My parents won't be back till ten. Halloween
39.6%
The child is dead. He breathed for a moment. Then he breathed no more. The child is dead. Dead. The child is dead.The Omen
39.1%
An evil old house, the kind some people call haunted, is like an undiscovered country waiting to be explored. Hill House had stood for 90 years and might stand for 90 more.The Haunting
38.7%
Bio-readouts are all in the green, looks like she's alive. Well, there goes our salvage, guys.Aliens
36.3%
Among the rugged peaks that crown down upon the Borgo Pass are found crumbling castles of a bygone age.Dracula
36%
Down! Down, you fool!Frankenstein
35.5%
What am I working on? Uhh... I'm working on something that will change the world, and human life as we know it.The Fly
30.8%
Hi, I've got an appointment with Mr. Ullman. The Shining
29.6%
All right, I'm gonna turn over the next card. Concentrate... I want you to tell me what you think it is.Ghostbusters
26.4%
They've found something... small pieces.The Exorcist
23.4%
You're looking good, Dutch.Predator
20.7%
Quote Movie Title % Correct
They will say that I have shed innocent blood. What's blood for, if not for shedding?Candyman
20.6%
Hello? What do you look like? Talk louder, I can't hear you! Hey, hello! Hello, I can't hear you! Five. Yes. Yes. I don't know. I don't know.Poltergeist
19.1%
They oughta make the day the time changes the first day of summer.Night of the Living Dead
18.5%
It's getting cold.The Sixth Sense
18.1%
Help! Someone help me! Is someone there? Hey! Oh s***, I'm probably dead.Saw
17.9%
What's your name again?Jaws
17.8%
I told you to stay off the boardwalk.The Lost Boys
16.3%
What's your pleasure, Mr. Cotton?Hellraiser
15.5%
Hear ye, hear ye, ten minutes to go till Van Dort's wedding rehearsal.Corpse Bride
14.1%
I got the strangler! Wabash and Van Buren.Child's Play
13.1%
Now children, are you sitting comfortably? Then I'll begin... This story started many thousands of years ago, and it was all over in just 7 days.The Others
12%
Greetings, my friend. We are all interested in the future, for that is where you and I are going to spend the rest of our lives.Plan 9 From Outer Space
10.2%
It's 6:42 AM. Beth's dad's place. He's out of town. And it's already a good day.Cloverfield
9.2%
Did you hear about Mrs. Mason's little Willy? Sent him to school and found him buried ten-foot deep in a snow drift.The Invisible Man
8.5%
Jesus Christ, it gets worse all the time.Amityville Horror
4%

You're not logged in!

Compare scores with friends on all Sporcle quizzes.
OR
Log In

Show Comments

Extras

Created Oct 25, 2010ReportNominate
Tags:Quote Quiz, horror

Top Quizzes Today


Score Distribution

Your Account Isn't Verified!

In order to create a playlist on Sporcle, you need to verify the email address you used during registration. Go to your Sporcle Settings to finish the process.

Report this User

Report this user for behavior that violates our Community Guidelines.

Details: